Geospatial Analysis Applied to Mineral Exploration / (Record no. 616279)

000 -LEADER
fixed length control field 00673nam a22001817a 4500
003 - CONTROL NUMBER IDENTIFIER
control field NUST
005 - DATE AND TIME OF LATEST TRANSACTION
control field 20260217145132.0
008 - FIXED-LENGTH DATA ELEMENTS--GENERAL INFORMATION
fixed length control field 260217b ||||| |||| 00| 0 eng d
020 ## - INTERNATIONAL STANDARD BOOK NUMBER
International Standard Book Number 978-0323956086
082 ## - DEWEY DECIMAL CLASSIFICATION NUMBER
Classification number 622.1
Author Mark AMI
100 ## - MAIN ENTRY--PERSONAL NAME
Personal name Amin Beiranvand Pour, Mohammad Parsa, Ahmed M Eldosouky.
9 (RLIN) 133304
245 ## - TITLE STATEMENT
Title Geospatial Analysis Applied to Mineral Exploration /
Remainder of title Remote Sensing, GIS, Geochemical, and Geophysical Applications to Mineral Resources /
Statement of responsibility, etc. Amin Beiranvand Pour, Mohammad Parsa, Ahmed M Eldosouky.
250 ## - EDITION STATEMENT
Edition statement 1st Edition
260 ## - PUBLICATION, DISTRIBUTION, ETC.
Place of publication, distribution, etc. Netherland:
Name of publisher, distributor, etc. Elsevier,
Date of publication, distribution, etc. 2023.
300 ## - PHYSICAL DESCRIPTION
Extent xiv, 294 p ;
Dimensions 32.1 cm
563 ## - BINDING INFORMATION
Binding note Hardcover
942 ## - ADDED ENTRY ELEMENTS (KOHA)
Source of classification or shelving scheme
Koha item type Book
Holdings
Withdrawn status Lost status Source of classification or shelving scheme Damaged status Not for loan Permanent Location Current Location Date acquired Total Checkouts Full call number Barcode Date last seen Price effective from Koha item type
          Institute of Geographical Information Systems (IGIS) Institute of Geographical Information Systems (IGIS) 02/17/2026   622.1 AMI IGIS-205 02/17/2026 02/17/2026 Book
© 2023 Central Library, National University of Sciences and Technology. All Rights Reserved.